000 00556cam a22001934a 4500
005 20250605163431.0
008 250528s ||||||||||||||||||||||||d
035 _a19135
020 _a192800477
040 _aGR-AtMCL
_bgre
_dGR-AtMCL
_eAACR2
245 1 _aA Dictionary of Business / Oxford Paperback Reference: Second Edition
250 _a2nd
260 _bOxford University Press,
_c1996
300 _a538
520 _aA wide-ranging and informative guide to all areas of modern business.
942 _cBK
999 _c4413
_d4413